[Event "ROM-ch U14"]
[Site "Calimanesti Caciulata"]
[Date "2019.04.22"]
[Round "9"]
[White "Lungu, Alexandru"]
[Black "Costescu, Mihnea Constantin"]
[Result "1-0"]
[WhiteElo "1651"]
[BlackElo "1589"]
[PlyCount "61"]
[EventDate "2019.04.15"]
[EventType "swiss"]
[EventRounds "9"]
[EventCountry "ROU"]
[SourceTitle "EXT 2020"]
[Source "ChessBase"]
[SourceDate "2019.10.17"]
[SourceVersion "1"]
[SourceVersionDate "2019.10.17"]
[SourceQuality "1"]

1. d4 d5 2. c4 dxc4 3. e3 Nf6 4. Bxc4 e6 5. Nf3 a6 6. 0-0 Nbd7 7. a4 c5 8. Nc3 cxd4 9. exd4 Nb6 10. Bb3 Be7 11. Re1 0-0 12. Ne5 Nbd5 13. Qf3 Bb4 14. Bg5 Qb6 15. a5 Qxd4 16. Rad1 Qc5 17. Nd3 Qxa5 18. Nxb4 Nxc3 19. Bxf6 Nxd1 20. Qg4 g6 21. Rxd1 Qf5 22. Qh4 e5 23. Nd5 h5 24. Ne7+ Kh7 25. Nxf5 Bxf5 26. Bxe5 Bg4 27. Qf6 Rg8 28. Qxf7+ Kh6 29. Bf4+ g5 30. Rd6+ Rg6 31. Rxg6# 1-0

[Event "ROM-ch U14"]
[Site "Calimanesti Caciulata"]
[Date "2019.04.21"]
[Round "8"]
[White "Buca, Dragos Stefan"]
[Black "Lungu, Alexandru"]
[Result "1/2-1/2"]
[WhiteElo "1368"]
[BlackElo "1651"]
[PlyCount "34"]
[EventDate "2019.04.15"]
[EventType "swiss"]
[EventRounds "9"]
[EventCountry "ROU"]
[SourceTitle "CBM 190 Extra"]
[Source "ChessBase"]
[SourceDate "2019.07.15"]
[SourceVersion "1"]
[SourceVersionDate "2019.07.15"]
[SourceQuality "1"]

1. e4 e5 2. Nc3 Nf6 3. f4 d5 4. fxe5 Nxe4 5. Nf3 Nxc3 6. bxc3 Be7 7. d4 0-0 8. Bd3 Be6 9. 0-0 Nd7 10. Be3 f6 11. Nd2 fxe5 12. dxe5 Rxf1+ 13. Nxf1 Qe8 14. Qe2 Bc5 15. Bd4 Qe7 16. Ng3 Rf8 17. Qh5 g6 1/2-1/2

[Event "ROM-ch U14"]
[Site "Calimanesti Caciulata"]
[Date "2019.04.20"]
[Round "7"]
[White "Lungu, Alexandru"]
[Black "Bantescu, Dan"]
[Result "0-1"]
[WhiteElo "1651"]
[BlackElo "1872"]
[PlyCount "78"]
[EventDate "2019.04.15"]
[EventType "swiss"]
[EventRounds "9"]
[EventCountry "ROU"]
[SourceTitle "CBM 190 Extra"]
[Source "ChessBase"]
[SourceDate "2019.07.15"]
[SourceVersion "1"]
[SourceVersionDate "2019.07.15"]
[SourceQuality "1"]

1. d4 Nf6 2. c4 c5 3. d5 b5 4. cxb5 a6 5. b6 Qxb6 6. Nc3 g6 7. e4 d6 8. h3 Bg7 9. Bd3 0-0 10. Nge2 Nbd7 11. 0-0 a5 12. Be3 Ba6 13. f4 Bxd3 14. Qxd3 Qa6 15. Qc2 Rfb8 16. Bf2 Rb4 17. a3 Rb7 18. a4 Rb4 19. Ng3 Ne8 20. Rab1 Nc7 21. Rfe1 Rab8 22. e5 dxe5 23. Nge4 exf4 24. Nxc5 Nxc5 25. Bxc5 Rc4 26. Qf2 Bxc3 27. bxc3 Rxb1 28. Rxb1 Nxd5 29. Qe2 Ne3 30. Rb8+ Kg7 31. Bd4+ f6 32. Bxe3 fxe3 33. Qxe3 Rc7 34. Rb6 Qa7 35. Qd4 Rxc3 36. Qxc3 Qxb6+ 37. Kh2 Qd6+ 38. Kh1 Qd1+ 39. Kh2 Qxa4 0-1

[Event "ROM-ch U14"]
[Site "Calimanesti Caciulata"]
[Date "2019.04.17"]
[Round "3"]
[White "Lungu, Alexandru"]
[Black "Baciu, Mihnea Iustin"]
[Result "1/2-1/2"]
[WhiteElo "1651"]
[BlackElo "1404"]
[PlyCount "49"]
[EventDate "2019.04.15"]
[EventType "swiss"]
[EventRounds "9"]
[EventCountry "ROU"]
[SourceTitle "CBM 190 Extra"]
[Source "ChessBase"]
[SourceDate "2019.07.15"]
[SourceVersion "1"]
[SourceVersionDate "2019.07.15"]
[SourceQuality "1"]

1. d4 Nf6 2. c4 g6 3. Nc3 d5 4. cxd5 Nxd5 5. e4 Nxc3 6. bxc3 Bg7 7. Bc4 c5 8. Ne2 cxd4 9. cxd4 Nc6 10. Be3 0-0 11. 0-0 b6 12. Bd5 Bb7 13. Rc1 Qd7 14. f3 e6 15. Bxc6 Bxc6 16. Nc3 Rfd8 17. e5 f6 18. exf6 Bxf6 19. Re1 Qg7 20. Qb3 Bd5 21. Qa4 Rac8 22. Nxd5 exd5 23. Rxc8 Rxc8 24. Bf2 h5 25. Qb5 1/2-1/2

[Event "ROM-ch U14"]
[Site "Calimanesti Caciulata"]
[Date "2019.04.17"]
[Round "4"]
[White "Radu, Luca Ioan"]
[Black "Lungu, Alexandru"]
[Result "1/2-1/2"]
[WhiteElo "1366"]
[BlackElo "1651"]
[PlyCount "76"]
[EventDate "2019.04.15"]
[EventType "swiss"]
[EventRounds "9"]
[EventCountry "ROU"]
[SourceTitle "CBM 190 Extra"]
[Source "ChessBase"]
[SourceDate "2019.07.15"]
[SourceVersion "1"]
[SourceVersionDate "2019.07.15"]
[SourceQuality "1"]

1. d4 Nf6 2. c4 g6 3. Nc3 Bg7 4. e4 d6 5. f3 0-0 6. Be3 c6 7. Qd2 a6 8. g4 e5 9. Nge2 exd4 10. Nxd4 Re8 11. h4 b5 12. Bh6 Bxh6 13. Qxh6 d5 14. cxd5 cxd5 15. 0-0-0 Qc7 16. Kb1 dxe4 17. g5 Qf4 18. Nce2 Qe3 19. Nc2 Qxf3 20. gxf6 Qxf6 21. h5 Ra7 22. hxg6 fxg6 23. Ne3 Nc6 24. Bg2 Nb4 25. Rhf1 Qe6 26. b3 a5 27. Nd4 Qe5 28. Nec2 Nd3 29. Rd2 a4 30. b4 Be6 31. Bxe4 Bxa2+ 32. Kxa2 Qxe4 33. Re2 Qd5+ 34. Kb1 Ne5 35. Re3 a3 36. Nf5 a2+ 37. Ka1 Qg2 38. Qf4 Qc6 1/2-1/2

[Event "ROM-ch U12"]
[Site "Calimanesti"]
[Date "2018.04.03"]
[Round "9"]
[White "Ulian, Andrei Octavian"]
[Black "Lungu, Alexandru"]
[Result "1-0"]
[WhiteElo "1618"]
[BlackElo "1546"]
[PlyCount "75"]
[EventDate "2018.03.27"]
[EventType "swiss"]
[EventRounds "9"]
[EventCountry "ROU"]
[SourceTitle "CBM 183 Extra"]
[Source "ChessBase"]
[SourceDate "2018.04.19"]
[SourceVersion "1"]
[SourceVersionDate "2018.04.19"]
[SourceQuality "1"]

1. e4 e5 2. Nf3 Nc6 3. d4 exd4 4. Nxd4 Bc5 5. Nb3 Bb6 6. Nc3 Nf6 7. Qe2 0-0 8. Be3 Re8 9. f3 d5 10. 0-0-0 Be6 11. e5 Bf5 12. Bxb6 axb6 13. Nd4 Rxe5 14. Qd2 Nxd4 15. Qxd4 Re8 16. g4 c5 17. Qf4 Bg6 18. Bb5 Re7 19. h4 d4 20. h5 Qc7 21. Qxc7 Rxc7 22. Ne2 Bxc2 23. Kxc2 Nd5 24. Kb1 Ra5 25. Bd3 Ne3 26. Rc1 Nd5 27. a3 b5 28. Be4 Rd7 29. Rxc5 Nb6 30. Rhc1 g6 31. hxg6 hxg6 32. Bd3 Nd5 33. Rxb5 Ra8 34. Be4 Ne3 35. Nf4 g5 36. Rxg5+ Kf8 37. Nd5 Ng2 38. Nf6 1-0

[Event "ROM-ch U12"]
[Site "Calimanesti"]
[Date "2018.04.01"]
[Round "7"]
[White "Nastore, Pavel Alexandru"]
[Black "Lungu, Alexandru"]
[Result "1-0"]
[WhiteElo "1810"]
[BlackElo "1546"]
[PlyCount "87"]
[EventDate "2018.03.27"]
[EventType "swiss"]
[EventRounds "9"]
[EventCountry "ROU"]
[SourceTitle "CBM 183 Extra"]
[Source "ChessBase"]
[SourceDate "2018.04.19"]
[SourceVersion "1"]
[SourceVersionDate "2018.04.19"]
[SourceQuality "1"]

1. e4 e5 2. Nf3 Nc6 3. Bb5 a6 4. Ba4 Nf6 5. 0-0 b5 6. Bb3 Be7 7. Re1 d6 8. c3 0-0 9. h3 Na5 10. Bc2 Bb7 11. d4 exd4 12. cxd4 c5 13. d5 Rc8 14. Nbd2 Qc7 15. Nf1 Nc4 16. Ng3 Rfe8 17. a4 Bf8 18. b3 Nb6 19. a5 Nbd7 20. Nd2 c4 21. bxc4 bxc4 22. Nb1 Nc5 23. Bb2 Qd8 24. Bc3 g6 25. Nd2 Bg7 26. f4 Nb3 27. Rb1 Nxd2 28. Rxb7 Nh5 29. Qxd2 Nxg3 30. Bxg7 Kxg7 31. Qc3+ Kg8 32. Qxg3 Qxa5 33. Qe3 f5 34. Reb1 c3 35. Qd4 Qc5 36. Qxc5 Rxc5 37. exf5 Re2 38. Rb8+ Kg7 39. R1b7+ Kh6 40. Rh8 gxf5 41. Rhxh7+ Kg6 42. Rbg7+ Kf6 43. Rf7+ Kg6 44. Bxf5# 1-0

[Event "ROM-ch U12"]
[Site "Calimanesti"]
[Date "2018.03.30"]
[Round "5"]
[White "Bantescu, Dan"]
[Black "Lungu, Alexandru"]
[Result "1/2-1/2"]
[WhiteElo "1401"]
[BlackElo "1546"]
[PlyCount "79"]
[EventDate "2018.03.27"]
[EventType "swiss"]
[EventRounds "9"]
[EventCountry "ROU"]
[SourceTitle "CBM 183 Extra"]
[Source "ChessBase"]
[SourceDate "2018.04.19"]
[SourceVersion "1"]
[SourceVersionDate "2018.04.19"]
[SourceQuality "1"]

1. d4 Nf6 2. c4 g6 3. Nc3 Bg7 4. e4 d6 5. Nf3 0-0 6. Be2 e5 7. 0-0 Nbd7 8. Re1 Re8 9. Bf1 a5 10. Rb1 b6 11. dxe5 dxe5 12. a3 Bb7 13. b4 axb4 14. axb4 Nh5 15. Qc2 Nf4 16. Nd5 Ne6 17. Be3 c6 18. Nc3 Nd4 19. Bxd4 exd4 20. Ne2 c5 21. Ng3 Qc7 22. bxc5 bxc5 23. Bd3 Nf8 24. Rb2 Ne6 25. Qd2 Ra3 26. Reb1 Bc6 27. Rb6 Nf4 28. Bf1 Bh6 29. Qb2 Raa8 30. Ne1 Bg7 31. Qd2 Bxe4 32. Nxe4 Rxe4 33. g3 Bh6 34. Qc2 d3 35. Nxd3 Nxd3 36. Qxd3 Rd4 37. Qf3 Rf8 38. Rb7 Qe5 39. Qe2 Qf5 40. Rd1 1/2-1/2

[Event "ROM-ch U12"]
[Site "Calimanesti"]
[Date "2018.03.29"]
[Round "4"]
[White "Lungu, Alexandru"]
[Black "Lup, Constantin Ionel"]
[Result "1-0"]
[WhiteElo "1546"]
[BlackElo "1416"]
[PlyCount "71"]
[EventDate "2018.03.27"]
[EventType "swiss"]
[EventRounds "9"]
[EventCountry "ROU"]
[SourceTitle "CBM 183 Extra"]
[Source "ChessBase"]
[SourceDate "2018.04.19"]
[SourceVersion "1"]
[SourceVersionDate "2018.04.19"]
[SourceQuality "1"]

1. d4 d6 2. c4 e5 3. d5 Nd7 4. Nc3 g6 5. e4 Bg7 6. Nf3 Ngf6 7. Be2 Nc5 8. Qc2 a5 9. Be3 Nfd7 10. b3 0-0 11. a3 Nf6 12. 0-0 Na6 13. Rfb1 b6 14. Ra2 Bd7 15. b4 axb4 16. axb4 Qc8 17. Na4 Qe8 18. c5 Nxc5 19. Nxc5 Rxa2 20. Qxa2 bxc5 21. bxc5 Nxe4 22. Qc2 Nf6 23. Qd2 Bg4 24. Rb7 Qc8 25. c6 e4 26. Ne1 Bxe2 27. Qxe2 Nxd5 28. Qc4 Qe6 29. Nc2 Nxe3 30. Nxe3 Qxc4 31. Nxc4 Rc8 32. Ne3 Bf6 33. Nd5 Bd8 34. Kf1 f5 35. Ke2 Kf7 36. Nb6 1-0

[Event "ROM-ch U12"]
[Site "Calimanesti"]
[Date "2018.03.28"]
[Round "2"]
[White "Lungu, Alexandru"]
[Black "Visoiu, Stefan Alexandru"]
[Result "0-1"]
[WhiteElo "1546"]
[BlackElo "1379"]
[PlyCount "88"]
[EventDate "2018.03.27"]
[EventType "swiss"]
[EventRounds "9"]
[EventCountry "ROU"]
[SourceTitle "CBM 183 Extra"]
[Source "ChessBase"]
[SourceDate "2018.04.19"]
[SourceVersion "1"]
[SourceVersionDate "2018.04.19"]
[SourceQuality "1"]

1. d4 d6 2. c4 Nf6 3. Nc3 g6 4. e4 Bg7 5. Nf3 Bg4 6. Be2 c6 7. h3 Bxf3 8. Bxf3 Nbd7 9. 0-0 0-0 10. Be3 e5 11. d5 Qc7 12. Rc1 a6 13. b4 c5 14. bxc5 Nxc5 15. Bxc5 Qxc5 16. Na4 Qc7 17. c5 Qa5 18. Qb3 Rac8 19. Nb6 Rxc5 20. Rxc5 Qxc5 21. Na4 Qc7 22. Qb6 Rc8 23. Rb1 Qc4 24. Qxb7 Rc7 25. Qb8+ Rc8 26. Qb3 Nxe4 27. Qxc4 Rxc4 28. Nb6 Rd4 29. Nd7 f5 30. Rb6 Rxd5 31. Rxa6 Rd2 32. Bxe4 fxe4 33. a4 Bh6 34. Nf6+ Kf7 35. Nxe4 Rd1+ 36. Kh2 d5 37. Nd6+ Ke6 38. a5 d4 39. Rb6 d3 40. a6 d2 41. Nc4+ Kd5 42. Nb2 Ra1 43. Rb5+ Kc6 44. Rxe5 Bf4+ 0-1

[Event "ROM-ch U12"]
[Site "Calimanesti"]
[Date "2018.03.27"]
[Round "1"]
[White "Soare, Andrei"]
[Black "Lungu, Alexandru"]
[Result "0-1"]
[WhiteElo "1142"]
[BlackElo "1546"]
[PlyCount "57"]
[EventDate "2018.03.27"]
[EventType "swiss"]
[EventRounds "9"]
[EventCountry "ROU"]
[SourceTitle "CBM 183 Extra"]
[Source "ChessBase"]
[SourceDate "2018.04.19"]
[SourceVersion "1"]
[SourceVersionDate "2018.04.19"]
[SourceQuality "1"]

1. e4 e5 2. Nf3 Nc6 3. d4 exd4 4. Nxd4 Bc5 5. Nb3 Bb6 6. Nc3 Nf6 7. Qe2 0-0 8. Be3 Re8 9. f3 d6 10. 0-0-0 Be6 11. h4 Bxe3+ 12. Qxe3 a5 13. Bb5 Qe7 14. g4 Reb8 15. h5 a4 16. Bxa4 b5 17. Bxb5 Nb4 18. Kb1 Nxa2 19. Nxa2 Rxb5 20. g5 Bxb3 21. cxb3 Nd5 22. Qd2 Rba5 23. exd5 Rxa2 24. Kc2 Qe5 25. Qc3 Qf5+ 26. Qd3 Qxg5 27. Rdg1 Qe5 28. Re1 Qxb2+ 29. Kd1 0-1

[Event "ROM-ch U12"]
[Site "Baile Felix"]
[Date "2017.02.09"]
[Round "9"]
[White "Lungu, Alexandru"]
[Black "Mihalcescu, Alexandru"]
[Result "1/2-1/2"]
[WhiteElo "1549"]
[BlackElo "1498"]
[PlyCount "133"]
[EventDate "2017.02.02"]
[EventType "swiss"]
[EventRounds "9"]
[EventCountry "ROU"]
[SourceTitle "CBM 176 Extra"]
[Source "ChessBase"]
[SourceDate "2017.03.02"]
[SourceVersion "1"]
[SourceVersionDate "2017.03.02"]
[SourceQuality "1"]

1. d4 Nf6 2. c4 e6 3. Nc3 Bb4 4. Qc2 c5 5. e3 Nc6 6. Nf3 b6 7. Bd2 Bb7 8. a3 Ba5 9. d5 Bxc3 10. Bxc3 exd5 11. cxd5 Nxd5 12. Bxg7 Rg8 13. Qxh7 Nce7 14. Bc4 b5 15. Ba2 Qa5+ 16. Kf1 0-0-0 17. Be5 d6 18. Bg3 b4 19. Bxd5 Bxd5 20. Qd3 Bxf3 21. gxf3 d5 22. Kg2 c4 23. Qe2 b3 24. e4 Ng6 25. Kf1 Rge8 26. Rc1 f5 27. Kg2 f4 28. Rhd1 fxg3 29. fxg3 Ne5 30. exd5 Rxd5 31. Rxc4+ Rc5 32. Rxc5+ Qxc5 33. Qd2 Kb7 34. Qd5+ Qxd5 35. Rxd5 Kc6 36. Rd2 Nc4 37. Rf2 Rd8 38. h4 Rd2 39. Rxd2 Nxd2 40. h5 Nc4 41. h6 Nd6 42. g4 Kd7 43. Kf2 Ke7 44. Ke2 Kf7 45. Kd3 Kg6 46. Kc3 Kxh6 47. Kxb3 Kg5 48. Kb4 Kf4 49. Kc5 Ne8 50. Kc6 Kxf3 51. g5 Ke4 52. Kb7 a5 53. Kb6 a4 54. Kb5 Kf5 55. Kxa4 Kxg5 56. Kb5 Kf6 57. a4 Ke7 58. Kb6 Kd8 59. Kb7 Nd6+ 60. Kc6 Ne8 61. b4 Kc8 62. a5 Nc7 63. Kb6 Kb8 64. a6 Na8+ 65. Kc6 Ka7 66. b5 Nb6 67. Kc5 1/2-1/2

[Event "ROM-ch U12"]
[Site "Baile Felix"]
[Date "2017.02.07"]
[Round "7"]
[White "Lungu, Alexandru"]
[Black "Rata, Andrei"]
[Result "1-0"]
[WhiteElo "1549"]
[BlackElo "1348"]
[PlyCount "85"]
[EventDate "2017.02.02"]
[EventType "swiss"]
[EventRounds "9"]
[EventCountry "ROU"]
[SourceTitle "CBM 176 Extra"]
[Source "ChessBase"]
[SourceDate "2017.03.02"]
[SourceVersion "1"]
[SourceVersionDate "2017.03.02"]
[SourceQuality "1"]

1. d4 Nf6 2. c4 e6 3. Nc3 Bb4 4. Qc2 0-0 5. Nf3 d6 6. Bd2 Qe7 7. e4 c5 8. Bd3 Nbd7 9. h3 Re8 10. e5 cxd4 11. exf6 Qxf6 12. Ne4 Bxd2+ 13. Qxd2 Qe7 14. 0-0 e5 15. Ng3 Nc5 16. Rfe1 Qf6 17. Nxd4 Bxh3 18. gxh3 exd4 19. Qc2 h6 20. b4 Nd7 21. Be4 Rab8 22. Bg2 Ne5 23. Qf5 Qd8 24. Bd5 Re7 25. f4 Ng6 26. Qxg6 Qe8 27. Rxe7 Qxe7 28. Nf5 Qf6 29. Nxh6+ Kf8 30. Qxf6 gxf6 31. Re1 Kg7 32. Nf5+ Kh7 33. Nxd4 Rg8+ 34. Kh2 Rg7 35. Rg1 b6 36. Rxg7+ Kxg7 37. Nf5+ Kg6 38. Nxd6 f5 39. c5 bxc5 40. bxc5 f6 41. c6 a5 42. c7 a4 43. c8Q 1-0

[Event "ROM-ch U12"]
[Site "Baile Felix"]
[Date "2017.02.03"]
[Round "2"]
[White "Marin, Andrei"]
[Black "Lungu, Alexandru"]
[Result "1-0"]
[WhiteElo "1328"]
[BlackElo "1549"]
[PlyCount "115"]
[EventDate "2017.02.02"]
[EventType "swiss"]
[EventRounds "9"]
[EventCountry "ROU"]
[SourceTitle "CBM 176 Extra"]
[Source "ChessBase"]
[SourceDate "2017.03.02"]
[SourceVersion "1"]
[SourceVersionDate "2017.03.02"]
[SourceQuality "1"]

1. e4 e5 2. Nf3 Nc6 3. Bc4 Bc5 4. c3 Nf6 5. d3 0-0 6. a4 a5 7. Na3 d6 8. h3 Be6 9. Bxe6 fxe6 10. Qb3 Qc8 11. 0-0 h6 12. Re1 Nh5 13. Nb5 Nf4 14. Bxf4 Rxf4 15. d4 Bb6 16. Nxd6 cxd6 17. Qxb6 Qd7 18. dxe5 dxe5 19. Rad1 Qf7 20. Qe3 Rf8 21. Rd3 Qg6 22. Kh2 Qh5 23. Re2 g5 24. Ng1 Qf7 25. Rdd2 Qe8 26. Rd3 Ne7 27. Qb6 Ng6 28. f3 R4f7 29. Red2 Nf4 30. Rd8 Qxa4 31. Rxf8+ Kxf8 32. g3 Ng6 33. Qxe6 Kg7 34. Rd6 Nf8 35. Qxh6+ Kg8 36. Qxg5+ Rg7 37. Qd2 Qa1 38. Qd5+ Kh7 39. Qd2 Ng6 40. Rd7 Ne7 41. Rxb7 Qa4 42. Rd7 Qa1 43. Rd6 Ng6 44. Rd7 Ne7 45. c4 Qa2 46. Qc3 Qa4 47. Rd6 Nc8 48. Rd5 Nb6 49. Rxe5 Nxc4 50. Rh5+ Kg8 51. Rc5 Nd6 52. e5 Nb7 53. Rc8+ Kh7 54. Qd3+ Kh6 55. Qe3+ Kh7 56. Qd3+ Kh6 57. Rh8+ Kg5 58. h4+ 1-0

[Event "ROM-ch U10"]
[Site "Calimanesti Caciulata"]
[Date "2016.04.22"]
[Round "6"]
[White "Lungu, Alexandru"]
[Black "Dumitrescu, Daniel"]
[Result "0-1"]
[WhiteElo "1250"]
[BlackElo "1579"]
[PlyCount "76"]
[EventDate "2016.04.18"]
[EventType "swiss"]
[EventRounds "9"]
[EventCountry "ROU"]
[SourceTitle "CBM 172 Extra"]
[Source "ChessBase"]
[SourceDate "2016.06.21"]
[SourceVersion "1"]
[SourceVersionDate "2016.06.21"]
[SourceQuality "1"]

1. d4 d5 2. c4 e6 3. Nc3 c5 4. cxd5 exd5 5. dxc5 d4 6. Ne4 Bf5 7. Ng3 Bg6 8. Nf3 Bxc5 9. Bf4 Nc6 10. Nd2 Nf6 11. a3 0-0 12. Nb3 Bb6 13. Rc1 Re8 14. Nc5 Bxc5 15. Rxc5 d3 16. Rc1 dxe2 17. Bxe2 Qb6 18. b4 Rad8 19. Bd2 Ne4 20. Nxe4 Bxe4 21. 0-0 Nd4 22. Be3 Qg6 23. f3 Nxf3+ 24. Bxf3 Rxd1 25. Rcxd1 Bxf3 26. Rxf3 Qc2 27. Rdf1 f6 28. R1f2 Qb1+ 29. Rf1 Qa2 30. Bxa7 Ra8 31. Bd4 Rxa3 32. Ra1 Qc4 33. Raxa3 Qxd4+ 34. Kf1 Qxb4 35. Rab3 Qc4+ 36. Kf2 Qc2+ 37. Kg3 Qe4 38. Rf4 Qe5 0-1

[Event "ROM-ch U10"]
[Site "Calimanesti Caciulata"]
[Date "2016.04.20"]
[Round "3"]
[White "Oltean, Cristian Daniel"]
[Black "Lungu, Alexandru"]
[Result "1/2-1/2"]
[WhiteElo "1110"]
[BlackElo "1250"]
[PlyCount "99"]
[EventDate "2016.04.18"]
[EventType "swiss"]
[EventRounds "9"]
[EventCountry "ROU"]
[SourceTitle "CBM 172 Extra"]
[Source "ChessBase"]
[SourceDate "2016.06.21"]
[SourceVersion "1"]
[SourceVersionDate "2016.06.21"]
[SourceQuality "1"]

1. e4 e5 2. Nf3 Nc6 3. Bc4 Bc5 4. c3 Nf6 5. d4 exd4 6. cxd4 Bb4+ 7. Nc3 Nxe4 8. 0-0 Bxc3 9. bxc3 d5 10. Qc2 0-0 11. Bd3 Nf6 12. Bg5 h6 13. Bh4 Bg4 14. Ne5 Be6 15. Rab1 Rb8 16. Bb5 Nxe5 17. dxe5 g5 18. Bxg5 hxg5 19. exf6 Qxf6 20. Qd2 c6 21. Bd3 Bf5 22. Bxf5 Qxf5 23. f4 gxf4 24. Qxf4 Qxf4 25. Rxf4 Rfe8 26. Rbf1 Re7 27. R1f3 Rbe8 28. Rg4+ Kf8 29. h3 Re3 30. Rxe3 Rxe3 31. h4 Re4 32. Rxe4 dxe4 33. Kf2 Kg7 34. Ke3 Kg6 35. Kxe4 Kh5 36. Kf5 Kxh4 37. Kf6 Kg3 38. Kxf7 Kxg2 39. Ke6 Kf3 40. Kd6 Ke3 41. Kc7 Kd3 42. Kxb7 c5 43. Kxa7 Kxc3 44. a4 Kb4 45. Kb6 c4 46. a5 c3 47. a6 c2 48. a7 c1Q 49. a8Q Qc5+ 50. Kb7 1/2-1/2

[Event "ROM-ch U10"]
[Site "Calimanesti"]
[Date "2015.04.05"]
[Round "8"]
[White "Lungu, Alexandru"]
[Black "Bobeanu, Stefan Valentin"]
[Result "0-1"]
[WhiteElo "1023"]
[BlackElo "1156"]
[PlyCount "106"]
[EventDate "2015.03.30"]
[EventType "swiss"]
[EventRounds "9"]
[EventCountry "ROU"]
[SourceTitle "CBM 165 Extra"]
[Source "ChessBase"]
[SourceDate "2015.04.21"]
[SourceVersion "1"]
[SourceVersionDate "2015.04.21"]
[SourceQuality "1"]

1. e4 e5 2. Nf3 Nc6 3. Bc4 h6 4. d4 d6 5. dxe5 dxe5 6. Qxd8+ Kxd8 7. Bxf7 Nf6 8. Nc3 Bb4 9. Bd5 Nd4 10. Nxe5 Re8 11. Nf7+ Ke7 12. 0-0 Nxc2 13. Rb1 Bxc3 14. bxc3 Nxd5 15. exd5 Kxf7 16. Rb2 Na3 17. Rb4 Nc2 18. Rb2 Ne1 19. Rd2 Bh3 20. f3 Bxg2 21. Rxg2 Nxg2 22. Kxg2 Re2+ 23. Rf2 Rxf2+ 24. Kxf2 Rd8 25. c4 c6 26. dxc6 bxc6 27. Ke3 Rd1 28. Bb2 Rh1 29. Be5 Ke6 30. Bb8 g5 31. Ke4 Rb1 32. Bxa7 Rb2 33. f4 gxf4 34. Kxf4 Rxh2 35. a3 Rg2 36. Kf3 Rg7 37. Bd4 Rg8 38. a4 h5 39. a5 h4 40. a6 h3 41. a7 h2 42. Kf2 h1Q 43. a8Q Rxa8 44. Kg3 Rg8+ 45. Kf4 Qh4+ 46. Ke3 Rg3+ 47. Kf2 Qh2+ 48. Ke1 Qh4 49. Bf2 Re3+ 50. Kf1 Qh1+ 51. Bg1 Rf3+ 52. Ke2 Qg2+ 53. Ke1 Rf1# 0-1

[Event "ROM-ch U10"]
[Site "Calimanesti"]
[Date "2015.04.02"]
[Round "4"]
[White "Lungu, Alexandru"]
[Black "Mihai, Florin"]
[Result "0-1"]
[WhiteElo "1023"]
[BlackElo "1437"]
[PlyCount "140"]
[EventDate "2015.03.30"]
[EventType "swiss"]
[EventRounds "9"]
[EventCountry "ROU"]
[SourceTitle "CBM 165 Extra"]
[Source "ChessBase"]
[SourceDate "2015.04.21"]
[SourceVersion "1"]
[SourceVersionDate "2015.04.21"]
[SourceQuality "1"]

1. d4 d5 2. c4 e6 3. Nc3 Nf6 4. Nf3 c6 5. Bg5 Nbd7 6. e3 Be7 7. Bd3 dxc4 8. Bxc4 Nb6 9. Bd3 Nbd5 10. Nxd5 Nxd5 11. Bxe7 Qxe7 12. Qd2 Qb4 13. Qxb4 Nxb4 14. Be4 Nd5 15. Ne5 Nf6 16. Bf3 Nd7 17. Nxd7 Bxd7 18. 0-0 0-0 19. h4 Rfd8 20. g4 g6 21. g5 Be8 22. h5 Bd7 23. hxg6 hxg6 24. Kg2 Kg7 25. Rh1 Rh8 26. Rxh8 Rxh8 27. Rh1 Rxh1 28. Kxh1 Kf8 29. Kg1 Ke7 30. Kf1 Kd6 31. Ke2 e5 32. Kd3 Be6 33. a3 exd4 34. exd4 Bd5 35. Bg4 Be6 36. Bxe6 Kxe6 37. Ke4 b6 38. f4 a6 39. b3 a5 40. b4 axb4 41. axb4 b5 42. Ke3 Kd5 43. Kd3 Kd6 44. Ke4 Ke6 45. Ke3 Kf5 46. Kf3 f6 47. gxf6 Kxf6 48. Kg4 Kg7 49. Kg5 Kf7 50. f5 gxf5 51. Kxf5 Ke7 52. Ke5 Kd7 53. d5 Kc7 54. dxc6 Kxc6 55. Kd4 Kd6 56. Kc3 Kd5 57. Kd3 Ke5 58. Ke3 Ke6 59. Ke4 Kd6 60. Kd4 Kc6 61. Kd3 Kd5 62. Kc3 Ke4 63. Kc2 Kd4 64. Kb3 Kd3 65. Kb2 Kc4 66. Ka3 Kc3 67. Ka2 Kxb4 68. Kb2 Kc4 69. Kc2 b4 70. Kb1 Kb3 0-1

[Event "ROM-ch U10"]
[Site "Calimanesti"]
[Date "2015.04.02"]
[Round "5"]
[White "Marcu, Tudor Alexandru"]
[Black "Lungu, Alexandru"]
[Result "1/2-1/2"]
[WhiteElo "1119"]
[BlackElo "1023"]
[PlyCount "44"]
[EventDate "2015.03.30"]
[EventType "swiss"]
[EventRounds "9"]
[EventCountry "ROU"]
[SourceTitle "CBM 165 Extra"]
[Source "ChessBase"]
[SourceDate "2015.04.21"]
[SourceVersion "1"]
[SourceVersionDate "2015.04.21"]
[SourceQuality "1"]

1. e4 e5 2. Nf3 Nc6 3. Bc4 Bc5 4. 0-0 Nf6 5. d3 d6 6. h3 d5 7. exd5 Nxd5 8. Re1 f6 9. d4 Bb6 10. dxe5 Nde7 11. Qxd8+ Kxd8 12. Rd1+ Ke8 13. exf6 gxf6 14. Be3 Bxe3 15. fxe3 Nb4 16. Bd3 Bf5 17. e4 Be6 18. Nc3 Rg8 19. Kh2 c5 20. a3 Nbc6 21. Bb5 h6 22. Bxc6+ Nxc6 1/2-1/2

[Event "ROM-ch U10"]
[Site "Calimanesti"]
[Date "2015.03.31"]
[Round "2"]
[White "Lungu, Alexandru"]
[Black "Stangu, Razvan Florin"]
[Result "1-0"]
[WhiteElo "1023"]
[BlackElo "1189"]
[PlyCount "51"]
[EventDate "2015.03.30"]
[EventType "swiss"]
[EventRounds "9"]
[EventCountry "ROU"]
[SourceTitle "CBM 165 Extra"]
[Source "ChessBase"]
[SourceDate "2015.04.21"]
[SourceVersion "1"]
[SourceVersionDate "2015.04.21"]
[SourceQuality "1"]

1. d4 Nf6 2. c4 d5 3. cxd5 Nxd5 4. e4 Nf6 5. e5 Nd5 6. Bc4 e6 7. Nf3 Be7 8. Nc3 0-0 9. Bd3 Nc6 10. Qc2 g6 11. Bh6 Re8 12. h4 Bf8 13. Bxf8 Kxf8 14. h5 Ndb4 15. Qb1 Nxd3+ 16. Qxd3 Nb4 17. Qb1 Nc6 18. hxg6 fxg6 19. Rxh7 Nxd4 20. Nxd4 Qxd4 21. Qxg6 Qxe5+ 22. Kd1 Qd4+ 23. Kc1 Qf4+ 24. Kc2 Qxf2+ 25. Kc1 Re7 26. Rh8# 1-0

[Event "ROM-ch U10"]
[Site "Calimanesti"]
[Date "2015.03.30"]
[Round "1"]
[White "Ungureanu, David Mihai"]
[Black "Lungu, Alexandru"]
[Result "1-0"]
[WhiteElo "1223"]
[BlackElo "1023"]
[PlyCount "79"]
[EventDate "2015.03.30"]
[EventType "swiss"]
[EventRounds "9"]
[EventCountry "ROU"]
[SourceTitle "CBM 165 Extra"]
[Source "ChessBase"]
[SourceDate "2015.04.21"]
[SourceVersion "1"]
[SourceVersionDate "2015.04.21"]
[SourceQuality "1"]

1. e4 e5 2. Nf3 Nf6 3. Nxe5 d6 4. Nf3 Nxe4 5. Qe2 Qe7 6. Nc3 Nxc3 7. Qxe7+ Bxe7 8. dxc3 Bf5 9. Bd3 Bg4 10. Be4 c6 11. h3 f5 12. hxg4 fxe4 13. Nd4 Kd7 14. Nf5 Bf6 15. g5 g6 16. gxf6 gxf5 17. Bg5 Na6 18. 0-0-0 Rag8 19. Bh6 Ke6 20. g3 Rg6 21. Rd2 Kxf6 22. Rxd6+ Ke7 23. Rxg6 hxg6 24. Bg5+ Ke6 25. Rxh8 Nc5 26. Re8+ Kd5 27. b3 Ne6 28. c4+ Kd6 29. Bf4+ Kd7 30. Rh8 Nd4 31. Rh7+ Ke6 32. Kd2 Nf3+ 33. Ke3 g5 34. Bb8 Ne1 35. Rxb7 Nxc2+ 36. Kd2 Nd4 37. Rxa7 Nf3+ 38. Ke3 Ng1 39. a4 Nh3 40. Rc7 1-0